000 00259nam a22001337a 4500
003 SGT
082 _a370
_bS15G
100 _aGANDHI, M.K.
245 _aSWARAJ
260 _aNEW DELHI
_bAPH PUB
_c2015
300 _a96
650 _aEDUCATION
942 _2ddc
_cBK
999 _c12237
_d12237